Реальность и прогнозы искуственного интеллекта: сборник научно-популярных статей; пер. с англ.

Detaylı Bibliyografya
Diğer Yazarlar: Стефанюк В. Л. (редактор)
Dil:Rusça
Baskı/Yayın Bilgisi: Москва, Мир, 1987
Seri Bilgileri:В мире науки и техники
Konular:
Materyal Türü: Kitap
KOHA link:https://koha.lib.tpu.ru/cgi-bin/koha/opac-detail.pl?biblionumber=269871

MARC

LEADER 00000nam0a2200000 4500
001 269871
005 20231101234308.0
035 |a (RuTPU)RU\TPU\book\293049 
090 |a 269871 
100 |a 20140923d1987 km y0rusy50 ca 
101 1 |a rus  |c eng 
102 |a RU 
105 |a a z 001zy 
200 1 |a Реальность и прогнозы искуственного интеллекта  |e сборник научно-популярных статей  |e пер. с англ.  |f под ред. В. Л. Стефанюка 
210 |a Москва  |c Мир  |d 1987 
215 |a 247 с.  |c ил. 
225 1 |a В мире науки и техники 
320 |a Библиография в конце статей 
606 1 |a Искусственный интеллект  |2 stltpush  |3 (RuTPU)RU\TPU\subj\13185  |9 39836 
610 1 |a искусственный разум 
610 1 |a создание 
610 1 |a прогнозы 
610 1 |a языки программирования 
610 1 |a машинное зрение 
610 1 |a биологические прототипы 
610 1 |a экспертные системы 
675 |a 681.5  |v 3 
702 1 |a Стефанюк  |b В. Л.  |4 340 
801 1 |a RU  |b 63413507  |c 20140923 
801 2 |a RU  |b 63413507  |c 20170303  |g RCR 
942 |c BK